=LDR 00000nam 2200000 4500 =001 INLIS000000000054328 =990 ##$$a 61901144 =990 ##$$a 61901145 =005 20200122082843 =990 ##$$a 61901145 =990 ##$$a 61901144 =035 ##$$a 0010-0120000106 =007 ta =008 200122###########################0#ind## =020 ##$$a 978-602-7999-18-3 =082 ##$$a 028 .5 =084 ##$$a 028 .5-She e =100 #$$a Sherina Syalsabila =245 1#$$a cita-cita cang /$c Sherina Syalsabila =260 ##$$a Jakarta :$b Zettu,$c 2013 =300 ##$$a 132 hlm : $b ilus. ; $c 21 Cm. =600 #4$$a bacaan kanak-kanak =990 ##$$a 6202000459 =990 ##$$a 6202000460 =990 ##$$a 61901144 =990 ##$$a 6202000459 =990 ##$$a 61901145 =990 ##$$a 61901144